Vietnam Immigration by Country - Statistics

General Stats
  • This quiz has been taken 117 times
  • The average score is 17 of 20
Answer Stats
# People Country of Origin % Correct
6,441 China
99%
3,087 South Korea
98%
5,407 United States
98%
55,165 Cambodia
97%
8,917 Indonesia
97%
13,272 Laos
97%
2,826 Japan
96%
4,526 India
93%
1,850 Malaysia
92%
15,077 Thailand
92%
2,569 United Kingdom
91%
2,800 Philippines
87%
1,200 France
86%
27,720 Myanmar
84%
10,559 Bangladesh
82%
2,660 Canada
81%
3,330 Singapore
78%
1,217 Pakistan
76%
3,620 Nepal
67%
2,771 North Korea
54%
No matching quizzes found
Score Distribution
Percent of People with Each Score
Percentile by Number Answered
Your Score History
You have not taken this quiz